Statistieken voor Kaart van Mexico Quiz

Klik hier om de quiz te nemen!

Algemene statistieken

  • Deze quiz is 171 keer genomen
  • De gemiddelde score is 15 van 32

Antwoorden op de kaart

Antwoorden kleurgecodeerd door een groen-rode schaal op de quizkaart volgens % correct hieronder.
Laden...
 

Antwoordstatistieken

Antwoord% Correct
Baja California Sur
91%
Baja California
86%
Mexico-Stad
74%
Chihuahua
69%
Yucatán
67%
México
57%
Chiapas
54%
Veracruz
51%
Tabasco
47%
Sinaloa
47%
Oaxaca
46%
Aguascalientes
45%
Nuevo León
44%
Sonora
44%
Quintana Roo
43%
Puebla
43%
Jalisco
41%
Durango
40%
Coahuila
40%
Campeche
40%
Colima
39%
Nayarit
38%
Guanajuato
37%
Tamaulipas
37%
Zacatecas
36%
San Luis Potosí
36%
Tlaxcala
36%
Morelos
34%
Querétaro
33%
Michoacán
33%
Hidalgo
33%
Guerrero
33%

Scoreverdeling

Percentiel versus Aantal Correcte Antwoorden

Procent van Mensen met Elke Score

Uw Scoregeschiedenis

U heeft deze quiz nog niet genomen